| 000 | 01149nam a2200301 a 4500 | ||
|---|---|---|---|
| 001 | 000114924 | ||
| 003 | CHAP | ||
| 005 | 20220329144504.0 | ||
| 008 | 180810s2018 mx |sm |||||||spa d | ||
| 010 | _a111385 | ||
| 011 | _a112357 | ||
| 040 | _cCHAP | ||
| 090 | _aTesis | ||
| 100 | 1 |
_aSantos Santiago, Gladys Princesa. _9135329 |
|
| 245 | 1 | 0 |
_aRedes de innovación en el sistema productivo nopal en los Estados de Zacatecas, Puebla, y Ciudad de México _h[En línea] _cpor Gladys Princesa Santos Santiago. |
| 260 |
_aHuatusco, Ver. : _bEl autor, _c2018. |
||
| 500 | _aPara ver el contenido del material haga clic en la liga | ||
| 502 | _aTesis (Lic. en Redes Agroalimentarias) -- UACH. Departamento Centro Regional Universitario Oriente | ||
| 590 |
_aE5765TAJ _b05 _c20180810 _lUCH01 _h0922 |
||
| 590 |
_aE5765TAJ _b05 _c20180810 _lUCH01 _h0923 |
||
| 650 | 1 | 4 |
_aAgricultura _xTransferencia de tecnología. _91885 |
| 650 | 1 | 4 |
_aNopal _xInnovaciones tecnológicas. _981677 |
| 650 | 1 | 4 |
_aNopal _xProducción. _981692 |
| 856 |
_aFinding aid _uhttp://10.13.5.2/tesis/sist114924.pdf _zTeclea aquí |
||
| 901 | _aBK | ||
| 942 | _cTESIS | ||
| 942 | _n0 | ||
| 999 |
_c111385 _d111385 |
||